Akvaparky v celoročnom cestovnom ruchu diplomová práca

Na minha lista:
Detalhes bibliográficos
Autor principal: Moťovský, Jakub
Autor Corporativo: Obchodná fakulta EU. Katedra služieb a cestovného ruchu - zrušené
Outros Autores: Litomerický, Juraj
Formato: Livro
Idioma:eslovaco
Publicado em: Bratislava 2010
Tags: Adicionar Tag
Sem tags, seja o primeiro a adicionar uma tag!

MARC

LEADER 00000nam$a2200000$$$4500
001 0118606
005 20240318121654.6
041 0 |a slo 
044 |a SK 
245 1 0 |a Akvaparky v celoročnom cestovnom ruchu  |b diplomová práca  |c Jakub Moťovský ; škol. Juraj Litomerický 
264 1 |a Bratislava  |c 2010 
300 |a 93 s. 
100 1 |a Moťovský, Jakub 
700 1 |a Litomerický, Juraj 
710 2 |a Obchodná fakulta EU. Katedra služieb a cestovného ruchu - zrušené